MARC details
| 000 -CABECERA |
| campo de control de longitud fija |
00892nam a2200241 a 4500 |
| 001 - NÚMERO DE CONTROL |
| campo de control |
000033961 |
| 003 - IDENTIFICADOR DEL NÚMERO DE CONTROL |
| campo de control |
OSt |
| 005 - FECHA Y HORA DE LA ÚLTIMA TRANSACCIÓN |
| campo de control |
20201127104725.0 |
| 008 - DATOS DE LONGITUD FIJA--INFORMACIÓN GENERAL |
| campo de control de longitud fija |
110915s19uu dr c r 000 0 spa d |
| 040 ## - FUENTE DE LA CATALOGACIÓN |
| Centro catalogador/agencia de origen |
DO-SdBNP |
| Lengua de catalogación |
spa |
| Centro/agencia transcriptor |
BNPHU |
| 082 #4 - NÚMERO DE LA CLASIFICACIÓN DECIMAL DEWEY |
| Número de clasificación |
725.94 |
| Número de documento/Ítem |
A349d |
| Número de edición |
22 |
| 245 13 - MENCIÓN DE TÍTULO |
| Título |
El alcázar de Don Diego Colón. |
| 260 ## - PUBLICACIÓN, DISTRIBUCIÓN, ETC. |
| Lugar de publicación, distribución, etc. |
Santo Domingo, : |
| Nombre del editor, distribuidor, etc. |
Secretaria de Estado de Fomento y Comunicaciones, |
| Fecha de publicación, distribución, etc. |
[19--?]. |
| 300 ## - DESCRIPCIÓN FÍSICA |
| Extensión |
12 p. ; |
| Otras características físicas |
il., |
| Dimensiones |
24 cm. |
| 590 ## - NOTA LOCAL (RLIN) |
| Nota local |
Inventariado, 2019/BT |
| 610 24 - PUNTO DE ACCESO ADICIONAL DE MATERIA--NOMBRE DE ENTIDAD CORPORATIVA |
| Nombre de entidad corporativa o nombre de jurisdicción como elemento de entrada |
El Alcázar de Don Diego Colón |
| 9 (RLIN) |
77454 |
| 650 #4 - PUNTO DE ACCESO ADICIONAL DE MATERIA--TÉRMINO DE MATERIA |
| Término de materia o nombre geográfico como elemento de entrada |
Monumentos |
| Subdivisión geográfica |
República Dominicana |
| 9 (RLIN) |
25880 |
| 650 #4 - PUNTO DE ACCESO ADICIONAL DE MATERIA--TÉRMINO DE MATERIA |
| Término de materia o nombre geográfico como elemento de entrada |
Monumentos historicos |
| Subdivisión general |
Conservación y restauración |
| Subdivisión geográfica |
República Dominicana |
| 9 (RLIN) |
52570 |
| 650 #4 - PUNTO DE ACCESO ADICIONAL DE MATERIA--TÉRMINO DE MATERIA |
| Término de materia o nombre geográfico como elemento de entrada |
Edificios historicos |
| 9 (RLIN) |
52571 |
| 710 1# - PUNTO DE ACCESO ADICIONAL--NOMBRE DE ENTIDAD CORPORATIVA |
| Nombre de entidad corporativa o nombre de jurisdicción como elemento de entrada |
República Dominicana |
| Unidad subordinada |
Secretaria de Estado de Fomento y Comunicaciones. |
| 9 (RLIN) |
58958 |
| 910 ## - DATOS DE OPCIÓN DEL USUARIO (OCLC) |
| Datos de opción del usuario |
Validado. Control de calidad MFF |
| 942 ## - ELEMENTOS DE PUNTO DE ACCESO ADICIONAL (KOHA) |
| Fuente del sistema de clasificación o colocación |
Dewey Decimal Classification |
| Tipo de ítem Koha |
Libro |